Land Named After People Quiz Stats

Quiz not verified by Sporcle

Challenge
Share
Tweet
Embed
Score 0/12 Timer 05:00
0 Plays Today
Area Description Person % Correct
Two Continents Amerigo Vespucci
78.8%
City Was SaigonHo Chi Minh
71.3%
Capitals are La Paz and SucreSimon Bolivar
66.7%
Two Australian StatesQueen Victoria
61%
Egypt's Largest SeaportAlexander The Great
60.5%
Westernmost Canadian ProvinceChristopher Columbus
55%
A State South of #3George Washington
53%
The Smallest Canadian ProvincePrince Edward
52.5%
1607 Virginia SettlementKing James I
49.6%
The Second StateWilliam Penn
38.5%
City Across From El PasoBenito Juarez
14.2%
Lake Erie City Mistakenly Attributed To A PresidentMoses Cleveland
12.4%

You're not logged in!

Compare scores with friends on all Sporcle quizzes.
Join for Free
OR
Log In

You Might Also Like...

Show Comments

Extras

Created Oct 9, 2009ReportNominate
Tags:area, description, land, name, person

Top Quizzes Today


Score Distribution

Your Account Isn't Verified!

In order to create a playlist on Sporcle, you need to verify the email address you used during registration. Go to your Sporcle Settings to finish the process.

Report this User

Report this user for behavior that violates our Community Guidelines.

Details: